| 000 | 00777nam a22002297a 4500 | ||
|---|---|---|---|
| 003 | OSt | ||
| 005 | 20250828113639.0 | ||
| 008 | 250828b |||||||| |||| 00| 0 eng d | ||
| 037 | _cDissertation | ||
| 040 |
_aFEDL _beng _cFEDL |
||
| 041 |
_aeng _heng |
||
| 082 | _a378.54 SOM/DI | ||
| 100 |
_aSomesh Kumar _9413881 |
||
| 110 |
_aUniversity of Delhi. Department of Education _9818316 |
||
| 245 |
_aExploring academic malpractice through institutional culture in higher education/ _cby Somesh Kumar; Ahahthula Raghu. Supervisor |
||
| 260 |
_bUniversity of Delhi _c2025 |
||
| 300 | _aix, 64p. | ||
| 650 | _aHIGHER EDUCATION | ||
| 700 |
_aRaghu, Ananthula. Supervisor _9818863 |
||
| 942 |
_2ddc _cDIS _h378.54 SOM/DI _n0 |
||
| 999 |
_c1434933 _d1434933 |
||